Statistics for All African Countries by GDP - In Order

Click here to take the quiz!

General Stats

  • This quiz has been taken 252 times
  • The average score is 44 of 54

Answer Stats

GDP (USD)HintAnswer% Correct
480 BNNigeria
100%
163 BAAlgeria
98%
396 BEEgypt
98%
329 BSSouth Africa
97%
126 BMMorocco
96%
109 BKKenya
95%
54 BD. C.Democratic Republic of the Congo
94%
92 BEEthiopia
94%
70 BAAngola
92%
75 BGGhana
91%
69 BTTanzania
90%
43 BUUganda
89%
21 BZZambia
88%
25 BZZimbabwe
88%
27 BLLibya
87%
42 BTTunisia
86%
44 BCCameroon
85%
68 BIIvory Coast
85%
35 BSSudan
85%
15 BNNiger
81%
27 BSSenegal
81%
16 BGGuinea
80%
19 BMMali
80%
17 BBBotswana
79%
18 BBBenin
78%
19 BBBurkina Faso
78%
12 BCChad
78%
12 BNNamibia
78%
10 BRRwanda
78%
3 BDDjibouti
77%
18 BGGabon
77%
1 BSSeychelles
77%
3 BBBurundi
76%
3 BLLiberia
76%
4 BEEswatini
74%
1 BGGuinea-Bissau
74%
2 BLLesotho
74%
12 BMMalawi
74%
9 BMMauritania
74%
15 BMMozambique
74%
0.5 BSSão Tomé and Principe
74%
8 BTTogo
74%
1 BCComoros
73%
2 BGGambia
73%
11 BMMauritius
73%
14 BMMadagascar
72%
1 BCCape Verde
71%
12 BEEquatorial Guinea
71%
2 BEEritrea
71%
5 BSSomalia
70%
3 BSSouth Sudan
70%
2 BCCentral African Republic
69%
4 BSSierra Leone
68%
12 BCCongo
67%

Score Distribution

Percentile by Number Answered

Percent of People with Each Score

Your Score History

You have not taken this quiz